Viajes a la belleza del espíritu: cuatro textos dramáticos para la difusión de la ciencia

Đã lưu trong:
Chi tiết về thư mục
Tác giả chính: Matamala Elorz, Roberto (autor)
Định dạng: Sách
Ngôn ngữ:Tiếng Tây Ban Nha
Được phát hành: Valdivia Ediciones UACH 2015
Phiên bản:1a. ed
Những chủ đề:
Các nhãn: Thêm thẻ
Không có thẻ, Là người đầu tiên thẻ bản ghi này!

MARC

LEADER 00000cam a2200000 a 4500
001 UCD3085
003 CL-VaPUC
008 160526e20150000cl |||||||||||||||||spa|d
020 |a 9789569412196 
082 0 4 |a Ch862.09  |b MAT  |2 21 
100 |a Matamala Elorz, Roberto  |e autor  |9 603637 
245 1 0 |a Viajes a la belleza del espíritu: cuatro textos dramáticos para la difusión de la ciencia 
250 |a 1a. ed 
300 |a 137 p 
942 |c BK 
945 |d 20160526 21:26:00  |a dcastane 
260 |a Valdivia  |b Ediciones UACH  |c 2015 
650 0 |a Teatro chileno  |9 266701 
650 0 |a Crítica e interpretación   |9 255042 
583 |a last modification  |c 20170518 11:48:20  |k Rodrigo Vera 
999 |c 364149  |d 364147 
952 |0 0  |1 0  |3 erb  |4 0  |6 CH_862_090000000000000_MAT_2015  |7 0  |8 A  |9 477092  |a BIBCUR  |b BIBCUR  |i 5287774  |o Ch862.09 MAT 2015  |p 5287774  |r 2025-04-22  |w 2019-11-24  |y BK  |z Catalogado en:20160526  |k BCB